000 01076cam a22003131 4500
001 med47000065
003 DLC
005 20260227111557.0
008 750904s1947 enk b 000 0 eng
010 _amed47000065
035 _a(OCoLC)1598634
040 _aDLC
_cFMU
_dOCoLC
_dDCHS
_dWU-M
_dDLC
041 1 _aeng
_agrc
_hgrc
042 _apremarc
050 0 0 _aR126
_b.A5 1947
082 _a610
100 0 _aAnonymus Londinensis.
240 1 0 _aDe medicina.
_lEnglish & Greek
245 1 4 _aThe medical writings of Anonymus Londinensis,
_cby W.H.S. Jones.
260 _aCambridge [Eng.]
_bUniversity Press,
_c1947.
300 _aviii, 168 p.
_c22 cm.
440 0 _aCambridge classical studies
546 _aGreek and English on opposite pages.
500 _a"The text of the editio princeps, published ... by Herman Diels in 1803, has been reprinted with only a few changes."
504 _aBibliography: p. 21.
650 0 _aMedicine, Greek and Roman.
700 1 _aJones, W. H. S.
_q(William Henry Samuel),
_d1876-1963.
700 1 _aDiels, Hermann,
_d1848-1922.
999 _c37951
_d37951